00878nam a2200241Ia 450000100060000000300090000600800410001504000130005604000130006904100130008210000280009510000290012324500400015224500450019225000110023726000090024826000100025726000490026730000590031650002010037565000290057665000310060517105IT-RoPAU130308s9999 xx 000 0 und d aIT-RoPAU cIT-RoPAU aITALIANO aAccornero Pier Giuseppe gCodice Aut. SPICS: 10096 aTemi del dibattito congressuale (I) bUnione Cattolica Stampa Italiana 1979-80 a1a ed. aROMA bCisad c1980 [1° Ed.:1980 - Ed.Ling.Originale:1979] a"19 p. (prefazione: no ; testo: 19 [pagine: 101-119])" aMemoria Storica dell'Unione Identità€ del giornalista Cristiano VII Assemblea Nazionale Roma 1979 Organizzazione partecipazione Formazione Segni di una Nuova Cultura un Giornalismo della Speranza aSAGGI DI STAMPA DI MASSA eCodice materia Spics: 6661